|
|
|
|
| LEADER |
02604nam a22005415i 4500 |
| 001 |
978-3-319-27472-0 |
| 003 |
DE-He213 |
| 005 |
20160205161317.0 |
| 007 |
cr nn 008mamaa |
| 008 |
160204s2016 gw | s |||| 0|eng d |
| 020 |
|
|
|a 9783319274720
|9 978-3-319-27472-0
|
| 024 |
7 |
|
|a 10.1007/978-3-319-27472-0
|2 doi
|
| 040 |
|
|
|d GrThAP
|
| 050 |
|
4 |
|a QH573-671
|
| 072 |
|
7 |
|a PSF
|2 bicssc
|
| 072 |
|
7 |
|a SCI049000
|2 bisacsh
|
| 082 |
0 |
4 |
|a 571.6
|2 23
|
| 100 |
1 |
|
|a Dziegiel, Piotr.
|e author.
|
| 245 |
1 |
0 |
|a Metallothioneins in Normal and Cancer Cells
|h [electronic resource] /
|c by Piotr Dziegiel, Bartosz Pula, Christopher Kobierzycki, Mariusz Stasiolek, Marzenna Podhorska-Okolow.
|
| 250 |
|
|
|a 1st ed. 2016.
|
| 264 |
|
1 |
|a Cham :
|b Springer International Publishing :
|b Imprint: Springer,
|c 2016.
|
| 300 |
|
|
|a XII, 117 p. 13 illus., 11 illus. in color.
|b online resource.
|
| 336 |
|
|
|a text
|b txt
|2 rdacontent
|
| 337 |
|
|
|a computer
|b c
|2 rdamedia
|
| 338 |
|
|
|a online resource
|b cr
|2 rdacarrier
|
| 347 |
|
|
|a text file
|b PDF
|2 rda
|
| 490 |
1 |
|
|a Advances in Anatomy, Embryology and Cell Biology,
|x 0301-5556 ;
|v 218
|
| 505 |
0 |
|
|a Introduction -- Metallothioneins: structure and functions -- Metallothionein-3 -- The role of metallothioneins in carciogenesis -- Metallothioneins and immune function.
|
| 520 |
|
|
|a This book describes the structures of Metallothionein (MT) family members and the cellular functions of MT-1, MT-2 and MT-4 isoforms, as well as provides insights into divergent biological roles of MT-3. The authors explain the involvement of MT molecules in various processes related to carcinogenesis, including an organ-specific presentation of current data concerning their potential impact on the progression of various tumors and the regulatory role of MT family members in the function of the immune system. .
|
| 650 |
|
0 |
|a Life sciences.
|
| 650 |
|
0 |
|a Cancer research.
|
| 650 |
|
0 |
|a Immunology.
|
| 650 |
|
0 |
|a Cell biology.
|
| 650 |
1 |
4 |
|a Life Sciences.
|
| 650 |
2 |
4 |
|a Cell Biology.
|
| 650 |
2 |
4 |
|a Immunology.
|
| 650 |
2 |
4 |
|a Cancer Research.
|
| 700 |
1 |
|
|a Pula, Bartosz.
|e author.
|
| 700 |
1 |
|
|a Kobierzycki, Christopher.
|e author.
|
| 700 |
1 |
|
|a Stasiolek, Mariusz.
|e author.
|
| 700 |
1 |
|
|a Podhorska-Okolow, Marzenna.
|e author.
|
| 710 |
2 |
|
|a SpringerLink (Online service)
|
| 773 |
0 |
|
|t Springer eBooks
|
| 776 |
0 |
8 |
|i Printed edition:
|z 9783319274713
|
| 830 |
|
0 |
|a Advances in Anatomy, Embryology and Cell Biology,
|x 0301-5556 ;
|v 218
|
| 856 |
4 |
0 |
|u http://dx.doi.org/10.1007/978-3-319-27472-0
|z Full Text via HEAL-Link
|
| 912 |
|
|
|a ZDB-2-SME
|
| 950 |
|
|
|a Medicine (Springer-11650)
|